LEADER 01145nam a2200277 i 4500 001 000000139409 003 CaOOAMICUS 005 20050523000000.0 008 050523s1987 it u000 u ita u 013 $a113442 020 $a88-04-32754-5 040 $aSeMil$bita 100 1 $aMacciocchi, Maria Antonietta.$0(OLS)http://semarc/name/18970 245 13$aLa donna con la valigia :$bviaggio intellettuale di una donna in Europa /$cMaria Antonietta Macciocchi. 260 $aMilano :$bArnoldo Mondadori Editore,$c1987. 300 $a559 p. ;$c19 cm. 490 0 $aOscar saggi ;$v152 500 $aFondo Card. C.M. Martini. 830 0$aOscar saggi ;$v152.$0(OLS)http://semarc/title/10282 850 $aSeMil 852 $aSeMil$W1$xVenegono$y1$m1B II 87$j92818$B92818$CSeMilBibl$Z2$F98062 $81 941 1 $a4 961 $aOmaggio: Martini Card. Carlo Maria 996 $6020$a88-04-32754-5$9(OLS)http://semarc/number/127432 996 $6245$aLa donna con la valigia :$bviaggio intellettuale di una donna in Europa$9(OLS)http://semarc/title/203690 996 $6260$aMilano :$bArnoldo Mondadori Editore$9(OLS)http://semarc/publisher/30056 LEADER 00954nam a2200217 i 4500 001 000000061647 003 CaOOAMICUS 005 20130206000000.0 008 130206s1956 xx u000 u fre u 013 $a32819 040 $aSeMil$bita 100 1 $aNeubert, Émile .$0(OLS)http://semarc/name/21159 245 13$aLa mission apostolique de Marie et la nôtre /$cE. Neubert Marianiste ; Lettre-Préface de son Excellence Monseigneur Paul Richaud Archevéque de Bordeaux. 260 $aParis :$bAlsatia,$c1956. 300 $a287 p. ;$c21 cm. 650 4$aMadonna - Meditazioni.$0(OLS)http://semarc/subject/920 700 1 $aRichaud, Paul.$0(OLS)http://semarc/name/10702 850 $aSeMil 852 $aSeMil$W1$xVenegono$y1$m2L I 107$j27800$B27800$CSeMilBibl$Z2$F27803 $81 996 $6245$aLa mission apostolique de Marie et la nôtre$9(OLS)http://semarc/title/96917 996 $6260$aParis :$bAlsatia$9(OLS)http://semarc/publisher/33097